000 00550nam a2200193Ia 4500
005 20250508161047.0
008 008 250505s9999 xx 000 0 eng d
037 _aTextual
040 _aFEDL
_beng
_cFEDL
041 _aeng
_2eng
084 _a374, MIL
_qFEDL
100 _aMiller Harry G
_9770140
245 0 _aAdult educator- A handbook for staff development
260 _aLondon, UK
_bGulf Publishing Company
_c1979
300 _axi,178p.
650 _aAdult education
942 _cTEXL
_h374, MIL
999 _c1368198
_d1368198